Detalles MARC
| 000 -LÍDER |
| Campo fijo de descripción fija |
01978nam a22004334i 4500 |
| 001 - NÚMERO DE CONTROL |
| Campo de control |
bimo0001604838 |
| 003 - IDENTIFICADOR DEL NÚMERO DE CONTROL |
| Campo de control |
SpMaBN |
| 005 - FECHA Y HORA DE LA ULTIMA TRANSACCIÓN |
| control field |
20180814082608.0 |
| 008 - ELEMENTOS DE LONGITUD FIJA -- INFORMACIÓN GENERAL |
| Campo fijo de descripción fija -- Información general |
000401s1972 sp spa |
| 017 ## - COPYRIGHT OR LEGAL DEPOSIT NUMBER |
| Copyright or legal deposit number |
M 18431-1972 |
| Assigning agency |
Oficina Depósito Legal Madrid |
| 040 ## - FUENTE DE CATALOGACIÓN |
| Agencia de catalogación original |
SpMaBN |
| Idioma de catalogación |
spa |
| Agencia que realiza la transcripción |
CO-MdFUSB |
| Agencia que realiza la modificación |
CO-MdFUSBC |
| Convenciones de la descripción |
rda |
| 041 ## - CÓDIGO DE IDIOMA |
| Código de idioma para texto/pista de sonido o título separado |
spa |
| 080 #0 - UNIVERSAL DECIMAL CLASSIFICATION NUMBER |
| Universal Decimal Classification number |
232.11 |
| 080 #0 - UNIVERSAL DECIMAL CLASSIFICATION NUMBER |
| Universal Decimal Classification number |
221.017 |
| 082 ## - NÚMERO DE CLASIFICACIÓN DECIMAL DEWEY |
| Número de la edición del Dewey |
23 |
| Número de clasificación |
230.0415 |
| Clave de autor-Numero de item |
W527 |
| 100 1# - ASIENTO PRINCIPAL--NOMBRE PERSONAL |
| Nombre personal |
Westermann, Claus |
| Término relacionador |
autor |
| 240 ## - TITULO UNIFORME |
| Título uniforme |
<a href="Das Alte Testament und Jesus Christus">Das Alte Testament und Jesus Christus</a> |
| 245 03 - TÍTULO |
| Título del Material |
El Antiguo Testamento y Jesucristo |
| Mención de responsabilidad, etc. |
/ Clauss Westermann ; traductor José María Bernáldez Montalvo |
| 264 #1 - PRODUCCIÓN, PUBLICACIÓN, DISTRIBUCIÓN, MANUFACTURA, Y COPYRIGHT |
| Lugar de producción, publicación, distribución, manufactura |
Madrid, España : |
| Nombre del productor, publicador, distribuidor |
Ediciones Fax, |
| Fecha de producción, publicación, distribución, manufactura, o copyright |
℗[1972] |
| 264 #4 - PRODUCCIÓN, PUBLICACIÓN, DISTRIBUCIÓN, MANUFACTURA, Y COPYRIGHT |
| Fecha de producción, publicación, distribución, manufactura, o copyright |
©1972 |
| 300 ## - DESCRIPCIÓN FÍSICA |
| Extensión |
164 páginas ; |
| Dimensiones |
23 cm |
| 336 ## - TIPO DE CONTENIDO |
| Fuente |
rdacontent |
| Término de tipo de contenido |
texto |
| Código de tipo de contenido |
txt |
| 337 ## - TIPO DE MEDIO |
| Fuente |
rdamedia |
| Nombre del tipo de medio |
sin mediación |
| Código del tipo de medio |
n |
| 338 ## - TIPO DE SOPORTE |
| Fuente |
rdacarrier |
| Nombre del tipo de soporte |
volumen |
| Código Tipo de soporte |
nc |
| 490 1# - MENCIÓN DE SERIE |
| Mención de serie |
Actualidad bíblica |
| 505 ## - NOTA DE CONTENIDO |
| Nota de contenido con formato preestablecido |
Las lamentaciones de lo profetas -- Los profetas como mensajeros del juicio de Dios -- Los profetas como mensajeros de la salvación (hell) -- Las afirmaciones salvíficas -- Los anuncios salvíficos -- La descripción salvífica -- La salvación (Rettung) ocurrida al cominezo -- Llamada y seguimiento -- La continua actuación de Dios en la Bendición -- La realeza y el Ungido -- Mandamientos de ley -- Historia de los tiempos primeros e historia de los patriarcas -- Cristo y la lamentación de su pueblo -- La alabanza a Dios -- Peticiones contra los enemigos. |
| 563 ## - NOTA DE ENCUADERNACIÓN |
| Nota de encuadernación |
Tapa rústica |
| 630 07 - TITULO UNIFORME |
| Título uniforme |
Biblia. |
| Nombre de parte o sección de la obra |
Antiguo Testamento |
| 650 #7 - ASIENTO SECUNDARIO DE MATERIA - TERMINO TEMÁTICO |
| 9 (RLIN) |
239 |
| Término temático o nombre geográfico como elemento de entrada |
Cristología |
| 700 1# - ASIENTO SECUNDARIO - NOMBRE PERSONAL |
| Nombre personal |
Bernaldez Montalvo, José María |
| Responsabilidad |
traductor |
| 720 ## - ASIENTO SECUNDARIO - NOMBRE NO CONTROLADO |
| Nombre |
González Blanco, Antonino |
| 830 ## - PUNTO DE ACCESO ADICIONAL DE SERIE - TÍTULO UNIFORME |
| Título uniforme |
Actualidad Bíblica |
| Número de parte o sección de la obra |
, No. 30 |
| 942 ## - TIPO DE MATERIAL (KOHA) |
| Tipo de Item KOHA |
Libros General |
| 956 ## - LOCAL ELECTRONIC LOCATION AND ACCESS (OCLC) |
| Host name |
1 |
| 980 ## - EQUIVALENCE OR CROSS-REFERENCE-SERIES STATEMENT--PERSONAL NAME/TITLE [LOCAL, CANADA] |
| Personal name |
M-BN |
| Numeration |
BNMADRID |
| Attribution qualifier |
4/103520 |
| Titles and other words associated with a name |
SG_RECOLET |
| 980 ## - EQUIVALENCE OR CROSS-REFERENCE-SERIES STATEMENT--PERSONAL NAME/TITLE [LOCAL, CANADA] |
| Personal name |
M-BN |
| Numeration |
BNMADRID |
| Attribution qualifier |
4/103521 |
| Titles and other words associated with a name |
SG_RECOLET |